000 00566nam a2200181Ia 4500
008 090124s9999 xx 000 0 und d
082 _b46206
100 _aबर्वे राजेंद्र
245 _a यातून मार्ग काय ?
250 _a1
260 _c2007
300 _a176
600 _aबर्वे राजेंद्र
630 _a यातून मार्ग काय ?
700 _aबर्वे राजेंद्र
730 _a यातून मार्ग काय ?
942 _cBOOK
999 _c112421
_d112421